000 nam a22 7a 4500
999 _c10126
_d10126
008 180212b ||||| |||| 00| 0 eng d
100 _aSoni.G D
_96144
245 _aDot com science class - VII
260 _aNew delhi
_bFlamigo Publication
_c2013